Synthesis of Fe-CNTs Nanocomposite and Its Ignition with Photo Flash / (Record no. 534218)

000 -LEADER
fixed length control field 00590nam a22001697a 4500
020 ## - INTERNATIONAL STANDARD BOOK NUMBER
Qualifying information Hard Cover.
082 ## - DEWEY DECIMAL CLASSIFICATION NUMBER
Classification number 200
100 ## - MAIN ENTRY--PERSONAL NAME
Personal name Saleem Shah.
245 ## - TITLE STATEMENT
Title Synthesis of Fe-CNTs Nanocomposite and Its Ignition with Photo Flash /
Statement of responsibility, etc. Saleem Shah..
260 ## - PUBLICATION, DISTRIBUTION, ETC.
Place of publication, distribution, etc. Islamabad :
Name of publisher, distributor, etc. SCME - NUST,
Date of publication, distribution, etc. 2014.
300 ## - PHYSICAL DESCRIPTION
Extent xiv, 65 p. ill. ;
Dimensions 30cm.
650 ## - SUBJECT ADDED ENTRY--TOPICAL TERM
Topical term or geographic name entry element MS-Materials Engineering
700 ## - ADDED ENTRY--PERSONAL NAME
Personal name Supervisor: Dr. Abdul Qadeer Malik.
856 ## - Uniform Resource Identifier
Uniform Resource Identifier <a href=" http://10.250.8.41:8080/xmlui/handle/123456789/19892"> http://10.250.8.41:8080/xmlui/handle/123456789/19892</a>
942 ## - ADDED ENTRY ELEMENTS (KOHA)
Source of classification or shelving scheme
Koha item type Soft Copy
650 ## - SUBJECT ADDED ENTRY--TOPICAL TERM
-- 129142
700 ## - ADDED ENTRY--PERSONAL NAME
-- 123403
Holdings
Withdrawn status Lost status Source of classification or shelving scheme Damaged status Not for loan Permanent Location Current Location Shelving location Date acquired Full call number Barcode Date last seen Price effective from Koha item type
          Central Library (CL) Central Library (CL) Thesis 02/08/2020 200 CL-T-5013 02/08/2020 02/08/2020 Soft Copy
          Central Library (CL) Central Library (CL) Thesis 02/26/2020 200 CL-T-5202 02/26/2020 02/26/2020 Soft Copy
© 2023 Central Library, National University of Sciences and Technology. All Rights Reserved.